000 00460nam a2200181Ia 4500
005 20250317131125.0
008 008 250317s9999 xx 000 0 eng d
037 _aTextbook
040 _aFMSL
_beng
_cFMSL
041 _aeng
_2eng
084 _qFMSL
100 _aGhosh A B
245 0 _aPrice Trends and policies in India
260 _aVikas
_bVikas, Pub. House
_c1974
300 _a255p
942 _cTB
999 _c1266770
_d1266770